Southville International School and Colleges
Your cart is empty.
  • Cart
  • Lists
    Public lists Eva Luna New books Lux_list list_1
    Your lists Log in to create your own lists
  • Log in to your account
  • Your cookies
  • Search history
Southville International School and Colleges
  • Advanced search
  • Recent comments
  • Most popular
  • Libraries

Log in to your account

Log in with GOOGLE


If you do not have an external account, but do have a local account, you can still log in:

  1. Home
  2. MARC view: In search of Shakespeare/
Normal view MARC view ISBD view

In search of Shakespeare/ (Record no. 58099)

[ view plain ]
MARC details
000 -LEADER
fixed length control field 00422nam a22001697a 4500
003 - CONTROL NUMBER IDENTIFIER
control field SISC
005 - DATE AND TIME OF LATEST TRANSACTION
control field 20190620131336.0
008 - FIXED-LENGTH DATA ELEMENTS--GENERAL INFORMATION
fixed length control field 140402b xxu||||| |||| 00| 0 eng d
020 ## - INTERNATIONAL STANDARD BOOK NUMBER
International Standard Book Number 9780563534778
050 ## - LIBRARY OF CONGRESS CALL NUMBER
Classification number PR 2894
Item number .W66 2003
100 ## - MAIN ENTRY--PERSONAL NAME
Personal name Wood, Michael
245 ## - TITLE STATEMENT
Title In search of Shakespeare/
260 ## - PUBLICATION, DISTRIBUTION, ETC. (IMPRINT)
Place of publication, distribution, etc London ;
Name of publisher, distributor, etc BBC,
Date of publication, distribution, etc 2003.
300 ## - PHYSICAL DESCRIPTION
Extent 352 p. :
Other physical details ill. col. ;
Dimensions 23 cm.
942 ## - ADDED ENTRY ELEMENTS (KOHA)
Source of classification or shelving scheme Library of Congress Classification
Koha item type Books
Holdings
Withdrawn status Lost status Source of classification or shelving scheme Damaged status Home library Current library Shelving location Date acquired Sub Shelving location Total Checkouts Full call number Barcode Date last seen Copy number Price effective from Koha item type
    Library of Congress Classification   Luxembourg Library Luxembourg Library High School Section 04/02/2014     PR 2894 .W66 2003 13730 04/02/2014 1 04/02/2014 Books

In search of Shakespeare/

APA

Wood M., . (2003). In search of Shakespeare. London: BBC.

Chicago

Wood Michael, . 2003. In search of Shakespeare. London: BBC.

Harvard

Wood M., . (2003). In search of Shakespeare. London: BBC.

MLA

Wood Michael, . In search of Shakespeare. London: BBC. 2003.

  • Place hold
  • Print
  • Cite
  • Add to your cart (remove)
  • Save record
    BIBTEX Dublin Core MARCXML MARC (non-Unicode/MARC-8) MARC (Unicode/UTF-8) MARC (Unicode/UTF-8, Standard) MODS (XML) RIS
  • More searches
    Search for this title in:
    Other Libraries (WorldCat) Other Databases (Google Scholar) Online Stores (Bookfinder.com) Open Library (openlibrary.org)

Exporting to Dublin Core...

SOUTHVILLE LIBRARY

Southville International School and Colleges Library

1281 Tropical Ave. Cor. Luxembourg St., BF Homes International, Las Pinas City

Tel. No. 8256374 / 252358 Loc. 117/146

Powered by Koha